000
00342nam a22001457a 4500
008
220202b ||||| |||| 00| 0 eng d
020
_a
9789951632577
041
_a
alb
080
_a
721
082
_a
721
100
_a
61
101
_a
PSI
245
_a
Te drejtat e njeriut
_c
Dr.Sc. Sedat Ismajli & Dr.Sc. Shkumin Leka
942
_2
udc
_c
BK
999
_c
58318
_d
58318